<The> value of learning evaluation and impact of education and training
Guardado en:
| Autor principal: | |
|---|---|
| Autor Corporativo: | |
| Otros Autores: | |
| Formato: | Libro |
| Lenguaje: | inglés |
| Publicado: |
Luxembourg
Office for Official Publications of the European Communities
2005
|
| Colección: | Cedefop Reference series
61 |
| Materias: | |
| Etiquetas: |
Sin Etiquetas, Sea el primero en etiquetar este registro!
|
MARC
| LEADER | 00000nam$a2200000$$$4500 | ||
|---|---|---|---|
| 001 | 0067239 | ||
| 005 | 20240318114744.0 | ||
| 020 | |a 92-896-0336-4 | ||
| 041 | 0 | |a eng | |
| 044 | |a LU | ||
| 245 | 1 | 0 | |a <The> value of learning |b evaluation and impact of education and training |c Pascaline Descy, Manfred Tessaring |
| 264 | 1 | |a Luxembourg |b Office for Official Publications of the European Communities |c 2005 | |
| 300 | |a 323 s. | ||
| 490 | 1 | |a Cedefop Reference series |v 61 | |
| 830 | 0 | |a Cedefop Reference series |v 61 | |
| 610 | 2 | 0 | |a vzdelávanie |
| 610 | 2 | 0 | |a vzdelanie |
| 610 | 2 | 0 | |a náklady na vzdelanie |
| 610 | 2 | 0 | |a efektívnosť vzdelávania |
| 610 | 2 | 0 | |a rast hospodársky |
| 610 | 2 | 0 | |a rozvoj sociálno-ekonomický |
| 610 | 2 | 0 | |a rozvoj sociálny |
| 610 | 2 | 0 | |a zručnosti |
| 610 | 2 | 0 | |a kapitál ľudský |
| 100 | 1 | |a Descy, Pascaline | |
| 700 | 1 | |a Tessaring, Manfred | |
| 710 | 2 | |a <The> European Centre for the Development of Vocational Training | |